Thermal-hydraulic features of a microchannel heat sink with water droplet enclosure and rib column using ionanofluid (Record no. 45640)

000 -LEADER
fixed length control field 00524nam a22001697a 4500
001 - CONTROL NUMBER
control field 45640
003 - CONTROL NUMBER IDENTIFIER
control field BD-DhUET
008 - FIXED-LENGTH DATA ELEMENTS--GENERAL INFORMATION
fixed length control field 260331b xxu||||| |||| 00| 0 eng d
040 ## - CATALOGING SOURCE
Transcribing agency 0
Modifying agency BD-DhUET
100 ## - MAIN ENTRY--PERSONAL NAME
Personal name Jobaer Hossain
245 ## - TITLE STATEMENT
Title Thermal-hydraulic features of a microchannel heat sink with water droplet enclosure and rib column using ionanofluid
260 ## - PUBLICATION, DISTRIBUTION, ETC. (IMPRINT)
Place of publication, distribution, etc. Dhaka
Name of publisher, distributor, etc. Department of Mathematics, BUET
Date of publication, distribution, etc. 2026
300 ## - PHYSICAL DESCRIPTION
Extent xvi,88p.
501 ## - WITH NOTE
With note One CD-ROM
504 ## - BIBLIOGRAPHY, ETC. NOTE
Bibliography, etc Includes bibliographies
942 ## - ADDED ENTRY ELEMENTS (KOHA)
Koha item type Thesis
Holdings
Lost status Koha item type Location (home branch) Piece designation (barcode) Price effective from Copy number Date acquired Source of classification or shelving scheme Shelving location Sublocation or collection (holding branch) Not for loan Damaged status Withdrawn status Koha date last seen
 ThesisCentral Library, BUET1210022026-03-3112026-03-28 Acquisition sectionCentral Library, BUET   2026-03-31